000 00636nam a2200265 a 4500
999 _c1553
_d1553
007 ta
008 200108t1980 xxka|||g |||| 001 0 eng d
020 _a0540073326
040 _aKO
_beng
041 0 _aeng
044 _axxk
082 0 4 _223
_a623.8881
_bK3201
100 1 _aKemp, J. F.
245 1 0 _aNotes on Cargo Work /
_cJ. F. Kemp and P. Young
250 _a4th ed.
260 _aLondon :
_bStanford Maritime ,
_c1980.
300 _a112 p. :
_bill. ;
_c21 cm
504 _aIncludes Index.
650 0 _aStowage
650 0 _aCargo handling
700 _aYoung, P.
_eaut
904 _aA_BOSE
942 _cBK